Central Library OPAC University of Rajshahi

An introduction to probability theory with statistical applications / (Record no. 7800)

MARC details
000 -LEADER
fixed length control field 00965nam a22003011 4500
001 - CONTROL NUMBER
control field 7800
003 - CONTROL NUMBER IDENTIFIER
rucl marc code BD-RUCL
005 - DATE AND TIME OF LATEST TRANSACTION
control field 20211208234458.0
008 - FIXED-LENGTH DATA ELEMENTS--GENERAL INFORMATION
fixed length control field 140115s1970 I a b 001 0 eng d
020 ## - INTERNATIONAL STANDARD BOOK NUMBER
International Standard Book Number 030641645X
035 ## - SYSTEM CONTROL NUMBER
System control number (BD-RjUL)7844
040 ## - CATALOGING SOURCE
Original cataloging agency BD-RjUL
Language of cataloging eng
Transcribing agency BD-RjUL
041 ## - LANGUAGE CODE
Language code of text/sound track or separate title eng
082 ## - DEWEY DECIMAL CLASSIFICATION NUMBER
Edition number 22
Classification number 519.2
Author mark and year MEI 1970
100 1# - MAIN ENTRY--PERSONAL NAME
Personal name MEYER, L. PAUL
Fuller form of name PAUL L.MEYER
9 (RLIN) 24340
245 13 - TITLE STATEMENT
Title An introduction to probability theory with statistical applications /
Statement of responsibility, etc. Michael A. Golberg
260 ## - PUBLICATION, DISTRIBUTION, ETC. (IMPRINT)
Place of publication, distribution, etc. New Delhi :
Name of publisher, distributor, etc. Amerind,
Date of publication, distribution, etc. [c1970]
300 ## - PHYSICAL DESCRIPTION
Pagination xiv, 366 p :
Illustrations ill ;
Size 22 cm
490 1# - SERIES STATEMENT
Series statement Mathematical concepts and methods in science and engineering ;
Volume/sequential designation 29
504 ## - BIBLIOGRAPHY, ETC. NOTE
Bibliography, etc Includes index
650 #0 - SUBJECT ADDED ENTRY--TOPICAL TERM
Topical term or geographic name as entry element Probabilities
9 (RLIN) 24341
Topical term or geographic name as entry element Mathematical statistics
9 (RLIN) 24342
830 #0 - SERIES ADDED ENTRY--UNIFORM TITLE
Volume number/sequential designation 29
Uniform title Mathematical concepts and methods in science and engineering ;
942 ## - ADDED ENTRY ELEMENTS (KOHA)
Source of classification or shelving scheme Dewey Decimal Classification
Koha item type Books
Holdings
Lost status Source of classification or shelving scheme Damaged status Not for loan Collection code Permanent Location Current Location Shelving location Date acquired Source of acquisition Total Checkouts Full call number Date last seen Copy number Koha item type
  Dewey Decimal Classification     Non-fiction Central Library, University of Rajshahi Central Library, University of Rajshahi   07/07/1976 osis   519.2 MEI 1970 15/01/2014 C-7 Books